000 00316nam a2200109Ia 4500
008 200302s9999 xx 000 0 und d
100 _aCouncil of Architecture
245 _aArchiving 06, 07, 08 Arcgutectural Thesis
260 _bNational Instiute for Advanced studies in Architecture
260 _c2011
300 _a158
999 _c3417
_d3417